| 000 | 00549nam a2200157 a 4500 | ||
|---|---|---|---|
| 005 | 20210223125000.0 | ||
| 008 | 030604s1996 mx r 000 0 spa d | ||
| 035 | _aUPN01000125006 | ||
| 049 | _aC | ||
| 050 | 4 |
_aHV4051 A5 _bC5.8 |
|
| 245 | 0 | 0 |
_aCiudad de México : _blos indigentes : resumen ejecutivo, 1996 : estudio censal sobre la dimensión, naturaleza y situación de la indigencia adulta en el Distrito Federal. |
| 260 |
_aMéxico : _bDDF, _c1996. |
||
| 300 |
_a67 p., [1] h. pleg. : _bil. |
||
| 650 | 4 |
_aPOBRES - _zMEXICO _91194 |
|
| 905 | _aLibro | ||
| 999 |
_c97185 _d97185 |
||